| 000 | 00430nam a2200133Ia 4500 | ||
|---|---|---|---|
| 008 | 170516s9999 xx 000 0 und d | ||
| 245 | 3 | _aAn overview of pathway prediction tools for synthetic design of microbial chemical factories | |
| 260 | _bAIMS Bioengineering | ||
| 260 | _c2015 | ||
| 300 | _a:1 | ||
| 650 | _xMedical Technology | ||
| 650 | _xMedtech | ||
| 856 | _uhttp://www.aimspress.com/journal/Bioengineering/2015/1.html | ||
| 999 |
_c329980 _d329980 |
||